Cantata La Carpio
Kaydedildi:
| Yazar: | |
|---|---|
| Materyal Türü: | Bilinmiyor |
| Baskı/Yayın Bilgisi: |
Roma, Italia:
Universita Cattolica del Sacro Cuore,
|
| Etiketler: |
Etiketle
Etiket eklenmemiş, İlk siz ekleyin!
|
MARC
| LEADER | 000000000a22000000004500 | ||
|---|---|---|---|
| 001 | 001699 | ||
| 022 | |a 20351496 | ||
| 041 | 0 | |a Español | |
| 092 | 0 | |a Centroamericana | |
| 100 | 1 | |a Lobo, Tatiana | |
| 245 | 1 | 0 | |a Cantata La Carpio |
| 260 | |a Roma, Italia: |b Universita Cattolica del Sacro Cuore, | ||
| 310 | |a anual | ||
| 773 | 0 | |t Centroamericana | |
| 773 | 0 | |g número 14 (2008) | |
| 773 | 0 | |g 1990- | |
| 773 | 0 | |g 49-53 páginas | |
| 999 | |c 1990 |d 1990 | ||
